|
|
|
|
| LEADER |
00000nab a2200000 a 4500 |
| 001 |
vtls000756034 |
| 003 |
SK-MaSNL |
| 005 |
20260304130650.0 |
| 008 |
250429c2001 xo 0 slo |
| 015 |
|
|
|a SNBRB2001/05-15467
|
| 035 |
|
|
|a CLN000107821
|
| 035 |
|
|
|a urn:nbn:sk:snk-ab2yym
|
| 035 |
|
|
|a (urnnbn)urn:nbn:sk:snk:ar-a034z1
|
| 035 |
|
|
|a (uuid)1d96053d-763e-48e4-9884-6d7e8a49264b
|
| 040 |
|
|
|a SNKBUCL
|b slo
|c SNKBUCL
|e AACR2
|
| 041 |
0 |
|
|a slo
|
| 044 |
|
|
|a xo
|c SK
|
| 080 |
|
|
|a 616.833.17-009.11:616.379-008.64:615.3
|2 1997
|
| 080 |
|
|
|a 616.379-008.64
|2 1997
|
| 100 |
1 |
|
|a Kurča, Egon,
|d 1964-
|4 aut
|9 197443
|
| 245 |
1 |
0 |
|a Bellova obrna tvárového nervu - stále akútny problém
|c Egon Kurča, Michal Drobný
|
| 300 |
|
|
|b Tab.
|
| 504 |
|
|
|a Bibliogr. odkazy
|
| 650 |
0 |
7 |
|a obrna Bellova
|x nervus facialis
|x liečba
|2 snkbucl
|9 1434503
|
| 650 |
0 |
7 |
|a diabetes mellitus
|x komplikácie
|2 snkbucl
|9 855267
|
| 650 |
0 |
7 |
|a steroidy
|2 snkbucl
|9 19069
|
| 650 |
0 |
7 |
|a nervus facialis
|x obrna Bellova
|x liečba
|2 snkbucl
|9 1434504
|
| 650 |
0 |
7 |
|a steroidy
|x aplikácia a dávkovanie
|x farmakológia
|x terapeutické použitie
|2 snkbucl
|9 1442221
|
| 650 |
0 |
7 |
|a prognózy
|2 snkbucl
|9 3871
|
| 650 |
0 |
7 |
|a herpesvírus ľudí 1
|x imunológia
|x patogenita
|2 snkbucl
|9 1442222
|
| 650 |
0 |
7 |
|a recidíva
|x prevencia a kontrola
|2 snkbucl
|9 853019
|
| 650 |
0 |
7 |
|a diabetes mellitus
|x komplikácie
|x metabolizmus
|x patofyziol ógia
|2 snkbucl
|9 1442223
|
| 650 |
0 |
7 |
|a epidemiológia
|2 snkbucl
|9 836
|
| 650 |
0 |
7 |
|a Bellova paralýza
|x klasifikácia
|x vrodené
|x patológia
|2 snkbucl
|9 1442224
|
| 655 |
|
7 |
|a články z novín a časopisov
|2 snkbucl
|9 267496
|
| 700 |
1 |
|
|a Drobný, Michal,
|d 1934-
|4 aut
|9 178678
|
| 773 |
0 |
|
|t Medicínsky monitor
|g Roč. 7, č. 1 (2001), s. 29-32
|x 1335-0951
|
| 850 |
|
|
|a Slovenská národná knižnica
|
| 852 |
|
|
|a Slovenská národná knižnica
|
| 954 |
|
|
|a odborná, vedecká literatúra pôvodná (slovenská)
|2 lita
|
| 958 |
|
|
|a article2022
|
| 958 |
|
|
|a OND
|
| 958 |
|
|
|a NB
|
| 958 |
|
|
|a MI
|
| 958 |
|
|
|a EUIPO
|
| 992 |
|
|
|a RBX
|
| 999 |
|
|
|c 2895621
|d 2897551
|